书目信息 |
| 题名: |
装配钳工
|
|
| 作者: | 辽宁工人培训教材编委会 编 | |
| 分册: | ||
| 出版信息: | 沈阳 辽宁科学技术出版社 1983.11 |
|
| 页数: | 354页 | |
| 开本: | 20cm | |
| 丛书名: | ||
| 单 册: | ||
| 中图分类: | TG93 | |
| 科图分类: | ||
| 主题词: | 钳工--工艺--方法 , 钳工装配工具 | |
| 电子资源: | ||
| ISBN: | ||
| 000 | 00624nam0 2200205 45 | |
| 001 | 0312221749 | |
| 005 | 20031222170911.8 | |
| 010 | @dCNY0.95 | |
| 100 | @a20031222d1983 km y0chiy0120 ea | |
| 101 | @achi | |
| 105 | @a z 000yy | |
| 200 | 1 | @a装配钳工@AZhuang Pei Qian Gong@f辽宁工人培训教材编委会编@FLiao Ning Gong Ren Pei Xun Jiao Cai Bian Wei Hui Bian |
| 210 | @a沈阳@c辽宁科学技术出版社@d1983.11 | |
| 215 | @a354页@d20cm | |
| 606 | 0 | @a钳工@x工艺@x方法 |
| 606 | 0 | @a钳工装配工具 |
| 690 | @aTG93@v3 | |
| 701 | 0 | @a辽宁工人培训教材编委会@4编 |
| 801 | @aCN@bTSTCL@c20031222 | |
| 905 | @a213230@dTG93@e15@b104872-873@f2 | |
| 装配钳工/辽宁工人培训教材编委会编.-沈阳:辽宁科学技术出版社,1983.11 |
| 354页;20cm |
| ISBN :CNY0.95 |
| ● |
| 相关链接 |
|
|
|
|
正题名:装配钳工
索取号:TG93/15
 
预约/预借
| 序号 | 登录号 | 条形码 | 馆藏地/架位号 | 状态 | 备注 |
| 1 | 0104872 | 001363544 | 第三借阅区/ [索取号:TG93/15] | 在馆 | |
| 2 | 0104873 | 001363580 | 第二样本阅览室/ [索取号:TG93/15] | 在馆 |